Statistiques concernant Rues de Montréal

Cliquez ici pour prendre le quiz!

Statistiques générales

  • Ce quiz a été pris 171 fois
  • Le résultat moyen est 13 sur 46

Statistiques - réponses

Réponse% Correct
Boulevard Saint-Laurent
83%
Rue Saint-Denis
78%
Avenue Papineau
70%
Avenue du Parc
57%
Rue Saint-Hubert
50%
Rue Berri
48%
Rue d'Iberville
48%
Avenue de Lorimier
46%
Avenue Christophe-Colomb
43%
Rue Clark
36%
Rue Fabre
35%
Rue Jeanne-Mance
35%
Avenue de l'Hôtel de Ville
34%
Rue Boyer
31%
Avenue Henri-Julien
30%
Rue Frontenac
30%
Rue Saint-Dominique
30%
Rue Cartier
29%
Rue Saint-Urbain
29%
Rue Saint-André
28%
Rue de Mentana
26%
Rue de Bordeaux
25%
Chemin de la Côte Sainte-Catherine
24%
Rue de Lanaudière
24%
Avenue Coloniale
23%
Avenue des Érables
23%
Rue de la Roche
23%
Rue Drolet
23%
Rue de Bullion
21%
Rue de Brébeuf
19%
Avenue de l'Esplanade
18%
Avenue Laval
18%
Rue Chabot
18%
Rue Rivard
18%
Rue Chambord
17%
Rue Fullum
17%
Rue Marquette
17%
Rue Hutchison
15%
Rue Parthenais
14%
Rue Garnier
13%
Rue Resther
12%
Rue Messier
9%
Rue Pontiac
8%
Rue Chapleau
3%
Rue Franchère
2%
Rue Lafrance
2%

Distribution des résultats

Percentile par nombre de réponses

% des personnes avec chaque résultat

Votre développement - résultats

Vous n’avez pas pris ce quiz